000 00709nam a2200289Ia 4500
005 20260324113103.0
008 008 260324s9999 xx 000 0 eng d
020 _a9781003453987
037 _aEBOOK
040 _aCRL
040 _beng
040 _cCRL
041 _2eng
041 _aeng
084 _qCRL
100 _aToo Black; Rasul A Mowatt
_91145363
245 0 _aLaundering Black Rage
245 4 _bThe Washing of Black Death, People, Property, and Profits
260 _bTaylor and Francis
260 _c2024
365 _a
365 _b225
856 _uhttp://www.taylorfrancis.com/books/9781003453987
942 _cEBOOK
999 _c1734835
_d1734835